00932nam a2200193 a 450000100100000000500170001000800410002704000250006810000390009324501520013226000880028430000280037249000520040070000440045271000610049683000590055795201050061699900170072100004106520201002034606.0130917s2005 sp 000 0 spa d aDO-SdBNPbspacBNPHU1 aRomaní Martínez, Miguel96756213aEl antiguo monasterio de Santiago de Ermelo :bestudio, documentación e índices /cMiguel Romaní Martínez, Pablo S. Otero Piñeyro Maseda. aSantiago de Compostela :bConsejo Superior de Investigaciones Científicas,c2005. a114 p. :bil. ;c25 cm.1 aCuadernos de estudios gallegosamonografíav61 aOtero Piñeyro Maseda, Pablo S.9675632 aConsejo Superior de Investigaciones Científicas,94786 0aCuadernos de estudios gallegosvmonografían6967564 001050718MOaGRbGRcCTd2013-09-17iLF1l0o p41065-10r2020-06-25w2020-06-25y1ZNo se presta c40555d40555